Transfert record pour chaque club de Ligue 1 (Arrivés - Statistiques

Statistiques générales
  • Ce quiz a été pris 259 fois
  • Le résultat moyen est 5 sur 20
Statistiques - réponses
Club Montant (en M d'€) Saison Réponse % Correct
PSG 222 2017-2018 Neymar
100%
OM 29,3 2016-2017 Payet
67%
Rennes 28 2022-2023 Gouiri
57%
LOSC 27 2020-2021 David
55%
AS Monaco 45 2013-2014 James
54%
RC Lens 9,8 2022-2023 Openda
37%
OL 25 2019-2020 Reine-Adelaide
35%
Montpellier 9,5 2019-2020 Savanier
25%
Strasbourg 10 2020-2021 Diallo
20%
OGC Nice 22 2022-2023 Diop
19%
Reims 10 2021-2022 Cajuste
11%
FC Lorient 9 2020-2021 Grbic
7%
Angers SCO 7,5 2020-2021 Bernardoni
6%
FC Nantes 8,25 2018-2019 Limbombe
5%
Brest 5 2020-2021 Honorat
4%
Troyes 6,5 2022-2023 Savio
3%
Clermont 1,3 2022-2023 Wieteska
2%
Toulouse 8 2019-2020 Saïd
1%
AJ Auxerre 5 2005-2006 Kajlenberg
0%
AC Ajaccio 500K 2005-2006 Rocchi
0%
Aucun quiz correspondant
Distribution des résultats
% des personnes avec chaque résultat
Percentile par nombre de réponses
Votre historique - résultats
Vous n’avez pas pris ce quiz